La ruta de Zinzin / (Registro nro. 9388)
[ vista simple ]
| 000 -LIDER | |
|---|---|
| fixed length control field | 00761nam a22002891 4500 |
| 001 - NÚMERO DE CONTROL | |
| Identificador de número de control | 01064534 |
| 003 - IDENTIFICACDOR DE NÚMERO DE CONTROL | |
| control field | DO-SdBNP |
| 005 - DATE AND TIME OF LATEST TRANSACTION | |
| control field | 20180207124558.0 |
| 007 - CAMPOS FIJOS DE DESCRIPCIÓN FÍSICA | |
| fixed length control field | 01064534 |
| 008 - ELEMENTOS DE LONGITUD FIJA | |
| fixed length control field | 920725s1970 sp spa |
| 016 7# - NO. DE CONTROL DE LA AGENCIA BIB. NACIONAL | |
| Record control number | |
| Canceled/invalid record control number | |
| Source | BPMSU |
| 017 ## - NÚMERO DE REGISTRO DE DERECHOS DE AUTOR | |
| Copyright or legal deposit number | |
| Assigning agency | |
| 035 ## - NÚMERO LOCAL | |
| System control number | (OCoLC) |
| 040 ## - FUENTE DE CATALOGACIÓN | |
| Agencia que crea de manera original el registro | BPMSU |
| Idioma de catalogación | spa |
| Agencia que realiza la transcripción | BPMSU |
| 080 ## - NÚMERO DE CLASIFICACIÓN DECIMAL UNIVERSAL | |
| Universal Decimal Classification number | |
| 100 1# - ASIENTO PRINCIPAL -- NOMBRE PERSONAL | |
| Nombre personal | Knebel, Fletcher |
| 240 ## - TITULO UNIFORME | |
| Título uniforme | The Zinzin Road |
| Idioma de una obra | Español |
| 245 13 - MENCIÓN DE TITULO | |
| Título | La ruta de Zinzin / |
| Medio (Designación general de material) | |
| Mención de responsabilidad | Fletcher Knebel ; traducción Baldomero Porta |
| 260 ## - PUBLICACIÓN, DISTRIBUCIÓN, ETC. (PIE DE IMPRENTA) | |
| Lugar de publicación, distribución, etc | Barcelona : |
| Nombre del editor, distribuidor, etc. | Bruguera |
| Fecha de publicación, distribución, etc | 1970 |
| 300 ## - DESCRIPCIÓN FÍSICA | |
| Extensión | 557 p. : |
| Dimensiones | 18 cm |
| 490 0# - MENCIÓN DE SERIES | |
| Mención de serie | Libro Amigo ; |
| Volume/sequential designation | 124 |
| 700 1# - ASIENTO SECUNDARIO -- NOMBRE PERSONAL | |
| Nombre personal | |
| 830 ## - ASIENTO SECUNDARIO DE SERIE--TÍTULO UNIFORME | |
| Título uniforme | Libro Amigo |
| Volume number/sequential designation | 124 |
| 942 ## - ADDED ENTRY ELEMENTS (KOHA) | |
| Source of classification or shelving scheme | Dewey Decimal Classification |
| Koha item type | Libros |
| 945 ## - INFORMACIÓN DE PROCESAMIENTO LOCAL | |
| Información de procesamiento local | Inventariado, 2018/MFF |
| 956 ## - LOCAL ELECTRONIC LOCATION AND ACCESS (OCLC) | |
| Nombre de host | VMATEO |
| Método de acceso | 10 |
| Materiales especificados | 20160328 |
| Enlace | BPMSU |
| Campo enlazado y núm. de secuencia | 0069 |
| Withdrawn status | Lost status | Source of classification or shelving scheme | Damaged status | Not for loan | Collection code | Home library | Current library | Date acquired | Source of acquisition | Total Checkouts | Barcode | Date last seen | Copy number | Price effective from | Koha item type |
|---|---|---|---|---|---|---|---|---|---|---|---|---|---|---|---|
| Dewey Decimal Classification | Biblioteca Pública Metropolitana Salomé Ureña | Biblioteca Pública Metropolitana Salomé Ureña | 03/28/2016 | FUNDI | BPMET16030272 | 03/28/2016 | 03/28/2016 | Libros |